|
|
|
|
| LEADER |
00000nam a22000007a 4500 |
| 003 |
Ucuenca |
| 005 |
20230308225915.0 |
| 008 |
180509b1981 fr ||||| |||| 00| 0 fre d |
| 040 |
|
|
|b spa
|
| 041 |
0 |
|
|a fr
|
| 082 |
0 |
|
|a 294.3
|
| 100 |
1 |
|
|9 224018
|a Desjardins, Arnaud
|
| 245 |
|
|
|a The message of the Tibetans
|c Arnaud Desjardins
|h imp
|
| 264 |
|
|
|a Paris
|b La Table Ronde
|c 1981
|
| 300 |
|
|
|a 226 páginas:
|c 20 cm
|
| 504 |
|
|
|a incl. ref.
|
| 505 |
0 |
|
|a Le mystére des tibétains -- Partie -- Les Tibétains sans mystére -- Partie: Hinayana, Mahayana, Tantrayana -- Los Tibétains et nous.
|
| 650 |
|
0 |
|a Civilización
|9 9035
|
| 650 |
|
4 |
|a Religión
|9 1164
|
| 942 |
|
|
|2 ddc
|c BK
|z lourdes.naula@ucuenca.edu.ec
|
| 999 |
|
|
|c 154501
|d 154501
|